000
00217nam a2200097Ia 4500
008
170619s9999 xx 000 0 und d
100
_a
Rattan S S
245
0
_a
Theory of Machines
260
_b
New Delhi: TMH
260
_c
2004
546
_a
ENGLISH
999
_c
17146
_d
17146